Daastan-e-dastarkhan : (Record no. 169318)

MARC details
000 -LEADER
fixed length control field 00611nam a22001937a 4500
005 - DATE AND TIME OF LATEST TRANSACTION
control field 20201116145512.0
010 ## - LCCN (DPL NO)
LC control number ENG-126903
020 ## - INTERNATIONAL STANDARD BOOK NUMBER
Terms of availability 450.00
International Standard Book Number 9789388322416
035 ## - SYSTEM CONTROL NUMBER
System control number EN-110435
037 ## - SOURCE OF ACQUISITION
Source of stock number/acquisition DBAD/PUB
082 ## - DEWEY DECIMAL CLASSIFICATION NUMBER
Classification number 641
100 ## - MAIN ENTRY--PERSONAL NAME
Personal name Sadaf Hussain
245 ## - TITLE STATEMENT
Title Daastan-e-dastarkhan :
Remainder of title stories and recipes from Muslim kitchens /
Statement of responsibility, etc by Sadaf Hussain
260 ## - PUBLICATION, DISTRIBUTION, ETC. (IMPRINT)
Place of publication, distribution, etc Gurugram
Name of publisher, distributor, etc Hachette Book Publishing
Date of publication, distribution, etc 2019
270 ## - ADDRESS
Address 4th / 5th Floors, Corporate Centre, Plot No.94, Sector-44, Gurugram
Postal code 122003
300 ## - PHYSICAL DESCRIPTION
Extent xv;211p.
Dimensions 19cm(pbk)
700 ## - ADDED ENTRY--PERSONAL NAME
Personal name
942 ## - ADDED ENTRY ELEMENTS (KOHA)
Source of classification or shelving scheme Dewey Decimal Classification
Item type English Books
Classification part 641
Call number suffix SAD
Holdings
Withdrawn status Lost status Not for loan Collection code Home library Current library Date acquired Source of acquisition Cost, normal purchase price Full call number Barcode Copy number Cost, replacement price Koha item type
      Non-fiction Sarojini Nagar Sarojini Nagar 14/11/2019 DBAD/PUB 450.00 641 SAD EN-110435 1 450.00 English Books

© Delhi Public Library
Hit Counter
free hit counter